| 000 | 00557nam a22001457a 4500 | ||
|---|---|---|---|
| 020 | _a978-1-4169-3402-8 | ||
| 082 |
_a823 _bDIX/H |
||
| 100 | _aDIXON, FRANKLIN W | ||
| 245 | _aTHE HARDY BOYS - DEATH AND DIAMONDS | ||
| 260 |
_aNEW YORK _bALADDIN PAPERBACKS _c2007 |
||
| 300 | _a170 | ||
| 520 | _a Attend fashion show and keep valuable selections of diamonds in sight at all times. LOCATION: Bayport. POTENTIAL VICTIMS: Jewelry model Naomi Dowd. SUSPECTS: Jewels worth millions -- everyone's a suspect. | ||
| 650 |
_aMYSTERY STORY _zUNITED STATES |
||
| 942 | _cBK | ||
| 999 |
_c7808 _d7808 |
||